| 000 | 00812cam a22002414a 4500 | ||
|---|---|---|---|
| 020 | _a0802714471 (alk. paper) | ||
| 020 | _a9780802714473 (alk. paper) | ||
| 040 | _cDLC | ||
| 082 | 0 | 0 | _a394 DIS 2005 A020 Or. |
| 100 | 1 | _aStandage, Tom. | |
| 245 | 1 | 2 | _aA history of the world in 6 glasses / |
| 246 | 3 | _aHistory of the world in six glasses | |
| 260 |
_aNew York : _bWalker & Co. : _bDistributed to the trade by Holtzbrinck Publishers, _c2005. |
||
| 300 |
_aviii, 311 p. : _bill., map ; _c21 cm. |
||
| 650 | 0 | _aBeverages | |
| 650 | 0 | _aDrinking of alcoholic beverages | |
| 650 | 0 | _aTea | |
| 650 | 0 | _aCoffee | |
| 650 | 0 | _aCola drinks | |
| 856 | 4 | 2 | _uhttp://www.loc.gov/catdir/enhancements/fy0619/2004061209-b.html |
| 856 | 4 | 2 | _uhttp://www.loc.gov/catdir/enhancements/fy0619/2004061209-d.html |
| 942 | _cEK | ||
| 999 |
_c12832 _d12832 |
||